| 000 | 01159nam a2200301 4500 | ||
|---|---|---|---|
| 001 | 0000019918 | ||
| 003 | CO-CtgCURN | ||
| 005 | 20250519162456.0 | ||
| 007 | ta | ||
| 008 | 160627s1997 000 0 eng d | ||
| 020 | _a8407001767 | ||
| 040 |
_aCO-CtgCURN _bspa _ccoctgcurn |
||
| 082 | 0 |
_a616.9 _bN37i |
|
| 100 | 1 | _aNet Castel, Alvar. | |
| 245 | 1 | 0 |
_aInfecciones en el paciente crítico / _cA. Net, E. Quintana. |
| 260 |
_aBarcelona : _bSpringer, _c1997. |
||
| 300 | _axiv, 253 p. | ||
| 336 | _2rdacontent | ||
| 337 |
_2rdamedia _asin mediacion _bn |
||
| 338 |
_2rdacarrier _avolumen _bnc |
||
| 500 | _aIncluye bibliografia e indice. | ||
| 505 | 8 | _aSuperantigeno en patología infecciosa.--Infecciones por cateter.--Infección por citomegalovirus.--Cuidados intensivos e infecciones pulmonares graves en pacientes con sida.--Tuberculosis multirresistente.--Diagnostico y manejo de la infección pulmonar en los pacientes inmunodeprimidos | |
| 650 | 1 | 4 | _aInfecciones nosocomiales. |
| 700 | 1 | _aQuintana, E. | |
| 908 | _a160627 | ||
| 942 |
_cBK _h616.9 _iN37i _2ddc _n0 |
||
| 999 |
_c22974 _d22974 |
||